000 00266nam a2200109Ia 4500
008 221009s9999 xx 000 0 und d
082 _a823/YAD
100 _aDr. Gyanendra Yadav
_922470
245 0 _aJataka & Pali Cannon
260 _bNav Sahitya Sagar
942 _cBK
999 _c64896
_d64896